| 000 | 00615nam a2200205 a 4500 | ||
|---|---|---|---|
| 003 | PILC | ||
| 005 | 20150112093437.0 | ||
| 008 | 100713s19uu xx 00 eng d | ||
| 020 | _a0333693434 | ||
| 050 |
_aHF 5718 _b.W193 1983 |
||
| 082 |
_aMnSF 658.4521 _bW88 1983 |
||
| 100 |
_aWoolcott, Lysbeth A. _916633 |
||
| 245 | _aMastering Business Communication / | ||
| 260 |
_aLondon : _bMacmillan Press Ltd, _c1983. |
||
| 300 |
_a309 pages : _billustration ; _c22 cm. |
||
| 650 |
_aBusiness correspondence _916634 |
||
| 650 |
_aBusiness communication _914664 |
||
| 700 |
_aUnwin, Wendy R. _916635 |
||
| 942 |
_2lcc _cBK |
||
| 999 |
_c14615 _d14615 |
||